[Event "VIII CAMPEONATO CONTINENTAL DE LAS AMERI"]
[Site "Hotel Casa Campestre - Cochaba"]
[Date "2013.05.07"]
[Round "1"]
[White "Avila, Carlos"]
[Black "Principe, Alexander"]
[Result "0-1"]
[WhiteElo "1848"]
[BlackElo "2261"]
[PlyCount "74"]
[EventDate "2013.05.07"]
[EventRounds "11"]
[EventCountry "BOL"]

1. e4 c5 2. Nf3 d6 3. d4 cxd4 4. Nxd4 Nf6 5. Nc3 a6 6. Be2 e5 7. Nb3 Be7 8. O-O
Be6 9. Be3 Nbd7 10. f4 Qc7 11. f5 Bc4 12. Bxc4 Qxc4 13. Qd3 Qc7 14. Kh1 Rc8 15.
Rfd1 O-O 16. Bg1 b5 17. a3 Rfd8 18. g4 h6 19. Qf3 Qb7 20. Nd2 Nc5 21. b4 Ncd7
22. Nb3 Rxc3 23. Na5 Qa8 24. Rd3 Rxc2 25. Re1 d5 26. exd5 e4 27. Rxe4 Nxe4 28.
Qxe4 Bd6 29. Nc6 Re8 30. Qf3 Rxc6 31. dxc6 Ne5 32. Qd5 Nxd3 33. Qxd6 Ne5 34.
Bd4 Qxc6+ 35. Qxc6 Nxc6 36. Bc3 Re3 37. Bb2 Re1+ 0-1

[Event "VIII CAMPEONATO CONTINENTAL DE LAS AMERI"]
[Site "Hotel Casa Campestre - Cochaba"]
[Date "2013.05.07"]
[Round "1"]
[White "Latorre, Matias"]
[Black "Borda, Cesar"]
[Result "1-0"]
[WhiteElo "2254"]
[BlackElo "1838"]
[PlyCount "81"]
[EventDate "2013.05.07"]
[EventRounds "11"]
[EventCountry "BOL"]

1. g3 Nf6 2. Bg2 g6 3. e4 d6 4. d4 Bg7 5. Ne2 O-O 6. O-O e5 7. h3 exd4 8. Nxd4
Bd7 9. c4 Nc6 10. Be3 Re8 11. Nc3 Nxd4 12. Bxd4 Bc6 13. Re1 Nd7 14. Bxg7 Kxg7
15. b4 b6 16. Qd4+ Qf6 17. Qxf6+ Kxf6 18. e5+ Nxe5 19. Rxe5 Rxe5 20. Bxc6 Rd8
21. f4 Re6 22. Kf2 Kg7 23. b5 f5 24. a4 h6 25. Nd5 Rf8 26. a5 Rf7 27. a6 Re4
28. Ne3 Rd4 29. Rd1 Rxd1 30. Nxd1 g5 31. Ne3 Kf6 32. Nd5+ Kg7 33. Nb4 Re7 34.
Bd5 Re8 35. Nc6 Ra8 36. Nd4 Rb8 37. Bb7 gxf4 38. gxf4 Kf6 39. Nc6 Re8 40. Nxa7
h5 41. Nc8 1-0

[Event "VIII CAMPEONATO CONTINENTAL DE LAS AMERI"]
[Site "Hotel Casa Campestre - Cochaba"]
[Date "2013.05.07"]
[Round "1"]
[White "Vidaurre, Luis"]
[Black "Gutierrez, Carmelo"]
[Result "0-1"]
[WhiteElo "1836"]
[BlackElo "2253"]
[PlyCount "92"]
[EventDate "2013.05.07"]
[EventRounds "11"]
[EventCountry "BOL"]

1. d4 Nf6 2. Nf3 e6 3. g3 b6 4. Bg2 Bb7 5. O-O Be7 6. c4 O-O 7. Nc3 Ne4 8. d5
Nxc3 9. bxc3 Bf6 10. Qd3 e5 11. h4 d6 12. Bg5 Nd7 13. e4 Nc5 14. Qe2 Bxg5 15.
Nxg5 Bc8 16. f4 h6 17. Nh3 Bxh3 18. Bxh3 exf4 19. Rxf4 Qe7 20. Raf1 Rae8 21.
Qg4 Qe5 22. Bg2 Qxc3 23. Rf6 Nxe4 24. Bxe4 Qe3+ 25. Kh2 Qxe4 26. R6f4 Qe2+ 27.
Kh3 Qxg4+ 28. Kxg4 f6 29. R1f2 Re3 30. h5 Rfe8 31. Kh4 Ra3 32. Rd4 Ree3 33. Rg2
Kf7 34. Kg4 Ra4 35. Rc2 Raa3 36. Rg2 a6 37. Rf4 Rad3 38. Kh4 Ke7 39. Kg4 b5 40.
Kh4 Kd7 41. Kg4 bxc4 42. Rxc4 Rxd5 43. Rgc2 c5 44. Ra4 Rg5+ 45. Kf4 Rgxg3 46.
Rxa6 Rgf3+ 0-1

[Event "VIII CAMPEONATO CONTINENTAL DE LAS AMERI"]
[Site "Hotel Casa Campestre - Cochaba"]
[Date "2013.05.07"]
[Round "1"]
[White "Monroy, Nathaly"]
[Black "Aguilar, Andres"]
[Result "0-1"]
[WhiteElo "1791"]
[BlackElo "2233"]
[PlyCount "54"]
[EventDate "2013.05.07"]
[EventRounds "11"]
[EventCountry "BOL"]

1. d4 Nf6 2. Nf3 c5 3. d5 b5 4. c4 Bb7 5. Nc3 b4 6. Na4 e6 7. d6 Ne4 8. Bf4 g5
9. Bg3 h5 10. Nd2 Nxg3 11. hxg3 Qa5 12. b3 Na6 13. Nf3 g4 14. Nh4 Bg7 15. Rc1
Bc6 16. Qd2 Bxa4 17. Qg5 Bf8 18. Ng6 Rg8 19. Rxh5 Rxg6 20. Qf4 Bc6 21. e3 Qxa2
22. Bd3 Qb2 23. Bxg6 Qxc1+ 24. Ke2 Qb2+ 25. Ke1 fxg6 26. Rh7 Bg7 27. Qxg4 Bc3+
0-1

[Event "VIII CAMPEONATO CONTINENTAL DE LAS AMERI"]
[Site "Hotel Casa Campestre - Cochaba"]
[Date "2013.05.07"]
[Round "1"]
[White "Rojas Barrero, Andres Humberto"]
[Black "Prado, Alexandra"]
[Result "1-0"]
[WhiteElo "2227"]
[BlackElo "1790"]
[PlyCount "63"]
[EventDate "2013.05.07"]
[EventRounds "11"]
[EventCountry "BOL"]

1. e4 d5 2. exd5 Qxd5 3. Nc3 Qd6 4. d4 Nf6 5. g3 Bg4 6. f3 Bf5 7. Bf4 Qd8 8.
Bg2 a6 9. Nge2 Nc6 10. Qd2 e6 11. g4 Bg6 12. a3 Be7 13. Bg3 Qd7 14. h3 O-O-O
15. Bf2 e5 16. d5 Nxd5 17. Nxd5 Qxd5 18. Qxd5 Rxd5 19. f4 Rd6 20. f5 Bxf5 21.
gxf5 Bf6 22. Bxc6 Rxc6 23. O-O-O Bg5+ 24. Kb1 e4 25. Bd4 f6 26. c3 Rd8 27. h4
Bh6 28. Ng3 e3 29. Rde1 Re8 30. Nf1 e2 31. Ng3 Rd6 32. Rxe2 1-0

[Event "VIII CAMPEONATO CONTINENTAL DE LAS AMERI"]
[Site "Hotel Casa Campestre - Cochaba"]
[Date "2013.05.07"]
[Round "1"]
[White "Zarate, Ezequiel"]
[Black "Kropff, Ricardo"]
[Result "0-1"]
[WhiteElo "1745"]
[BlackElo "2224"]
[PlyCount "36"]
[EventDate "2013.05.07"]
[EventRounds "11"]
[EventCountry "BOL"]

1. e4 c5 2. Nf3 d6 3. d4 cxd4 4. Nxd4 Nf6 5. Nc3 a6 6. Be3 e5 7. Nf3 Qc7 8. Qd2
Be7 9. Bg5 Be6 10. Be2 Nbd7 11. O-O O-O 12. Rfd1 b5 13. a3 Rfd8 14. Ne1 Qb7 15.
Nd3 a5 16. Bf3 Nb6 17. b3 Qc6 18. Bxf6 Bxf6 0-1

[Event "VIII CAMPEONATO CONTINENTAL DE LAS AMERI"]
[Site "Hotel Casa Campestre - Cochaba"]
[Date "2013.05.07"]
[Round "1"]
[White "Lopez, Bruno"]
[Black "Campero, Ronald"]
[Result "1-0"]
[WhiteElo "1734"]
[BlackElo "2211"]
[PlyCount "67"]
[EventDate "2013.05.07"]
[EventRounds "11"]
[EventCountry "BOL"]

1. e4 c5 2. Nf3 d6 3. d4 cxd4 4. Nxd4 Nf6 5. Nc3 a6 6. f3 e6 7. Be3 Be7 8. Qd2
Qc7 9. g4 b5 10. h4 Nbd7 11. O-O-O Ne5 12. Bf4 Bb7 13. Ndxb5 axb5 14. Nxb5 Qd8
15. Nxd6+ Bxd6 16. Qxd6 Qxd6 17. Rxd6 Ng6 18. Bb5+ Ke7 19. Rb6 Nxf4 20. Rxb7+
Kd6 21. Rd1+ Ke5 22. a4 Rhf8 23. b3 Ng2 24. Bc6 Rac8 25. Rb5+ Kf4 26. Bb7 Rc7
27. a5 Nd7 28. a6 Nc5 29. Rd4 Ne3 30. e5+ Kg3 31. c4 Nxb7 32. Rxb7 Rxb7 33.
axb7 Kxf3 34. c5 1-0

[Event "VIII CAMPEONATO CONTINENTAL DE LAS AMERI"]
[Site "Hotel Casa Campestre - Cochaba"]
[Date "2013.05.07"]
[Round "1"]
[White "Ferrufino, Boris"]
[Black "Ruiz, Samuel"]
[Result "0-1"]
[WhiteElo "2211"]
[BlackElo "1710"]
[PlyCount "106"]
[EventDate "2013.05.07"]
[EventRounds "11"]
[EventCountry "BOL"]

1. d4 Nf6 2. Nf3 e6 3. Nbd2 d5 4. e3 c6 5. Bd3 Bd6 6. O-O b6 7. Qe2 O-O 8. Re1
Bb7 9. e4 dxe4 10. Nxe4 Be7 11. Bf4 Nbd7 12. h3 c5 13. c3 h6 14. Rad1 Bxe4 15.
Bxe4 Nxe4 16. Qxe4 Nf6 17. Qe2 Qc8 18. c4 cxd4 19. Rxd4 Bc5 20. Rd3 Qb7 21. Be5
Nd7 22. Bc3 Rad8 23. Ne5 Be7 24. Nxd7 Rxd7 25. Rg3 f6 26. Qxe6+ Kh8 27. Re4
Rd1+ 28. Kh2 Bd6 29. f4 Bc5 30. Re5 Rd7 31. Qf5 Bf2 32. Ree3 Bxe3 33. Rxe3 Rdd8
34. Rg3 Qd7 35. Qh5 Qf7 36. Rg6 Kh7 37. f5 Rc8 38. Bxf6 Qc7+ 39. g3 Rxf6 40.
Rxf6 gxf6 41. Qg6+ Kh8 42. Qxh6+ Qh7 43. Qxf6+ Qg7 44. Qh4+ Kg8 45. f6 Qg6 46.
f7+ Kxf7 47. Qe4 Re8 48. Qd5+ Kf8 49. h4 Re2+ 50. Kh3 Qe6+ 51. Qxe6 Rxe6 52.
Kg4 Kg7 53. Kf5 Rf6+ 0-1

[Event "VIII CAMPEONATO CONTINENTAL DE LAS AMERI"]
[Site "Hotel Casa Campestre - Cochaba"]
[Date "2013.05.08"]
[Round "2"]
[White "Principe, Alexander"]
[Black "Bruzon Batista, Lazaro"]
[Result "0-1"]
[WhiteElo "2261"]
[BlackElo "2707"]
[PlyCount "74"]
[EventDate "2013.05.07"]
[EventRounds "11"]
[EventCountry "BOL"]

1. e4 c5 2. Nf3 e6 3. d4 cxd4 4. Nxd4 Nf6 5. Nc3 d6 6. Bg5 Be7 7. f4 h6 8. Bh4
Nc6 9. Bf2 e5 10. Nxc6 bxc6 11. fxe5 Ng4 12. Bg3 Nxe5 13. Bxe5 dxe5 14. Qxd8+
Bxd8 15. Bc4 Ke7 16. Rf1 f6 17. O-O-O h5 18. Rd3 h4 19. Nd1 Bb6 20. Ne3 h3 21.
g3 g6 22. Kd2 Rb8 23. b3 Rf8 24. Ke2 f5 25. exf5 gxf5 26. Re1 Bd7 27. c3 Rbd8
28. Kd1 Bc8 29. Kc2 Kf6 30. Rxd8 Rxd8 31. Bf1 f4 32. gxf4 exf4 33. Nc4 Bf5+ 34.
Kc1 Bf2 35. Re2 Bg1 36. a4 f3 37. Re5 Bxh2 0-1

[Event "VIII CAMPEONATO CONTINENTAL DE LAS AMERI"]
[Site "Hotel Casa Campestre - Cochaba"]
[Date "2013.05.08"]
[Round "2"]
[White "Granda Zuniga, Julio E"]
[Black "Latorre, Matias"]
[Result "1-0"]
[WhiteElo "2659"]
[BlackElo "2254"]
[PlyCount "43"]
[EventDate "2013.05.07"]
[EventRounds "11"]
[EventCountry "BOL"]

1. d4 Nf6 2. c4 e6 3. e3 d5 4. Nc3 b6 5. Nf3 Bb7 6. cxd5 exd5 7. Bb5+ c6 8. Bd3
Nbd7 9. O-O Bd6 10. b3 O-O 11. Bb2 Qe7 12. Rc1 Rae8 13. Nd2 Bb8 14. Re1 Qd6 15.
g3 Rc8 16. Bf5 c5 17. dxc5 bxc5 18. Na4 Rc6 19. e4 Re8 20. f4 dxe4 21. Nxe4 Qc7
22. Bxf6 1-0

[Event "VIII CAMPEONATO CONTINENTAL DE LAS AMERI"]
[Site "Hotel Casa Campestre - Cochaba"]
[Date "2013.05.08"]
[Round "2"]
[White "Gutierrez, Carmelo"]
[Black "Iturrizaga, Eduardo"]
[Result "1-0"]
[WhiteElo "2253"]
[BlackElo "2655"]
[PlyCount "87"]
[EventDate "2013.05.07"]
[EventRounds "11"]
[EventCountry "BOL"]

1. d4 Nf6 2. c4 c5 3. d5 e6 4. Nc3 exd5 5. cxd5 d6 6. Nf3 g6 7. Bg5 Bg7 8. e3
O-O 9. Nd2 a6 10. a4 Nbd7 11. Be2 Re8 12. O-O Qc7 13. a5 b5 14. axb6 Nxb6 15.
e4 Nfd7 16. Re1 Ne5 17. f4 Ned7 18. Qc2 c4 19. Rad1 Bb7 20. Nf3 Qc5+ 21. Kh1 a5
22. Bf1 Qb4 23. Nd4 Nc5 24. Ndb5 Nd3 25. Bxd3 cxd3 26. Rxd3 Ba6 27. Nc7 Bxd3
28. Qxd3 Nc4 29. e5 Nxb2 30. Qg3 Rac8 31. Nxe8 Rxe8 32. h3 h6 33. Bf6 Bxf6 34.
exf6 Rc8 35. Ne4 Nd3 36. Re3 Qd4 37. f5 Rc1+ 38. Kh2 Qa1 39. Qxd6 Rh1+ 40. Kg3
gxf5 41. Ng5 f4+ 42. Qxf4 Rxh3+ 43. gxh3 Qg1+ 44. Kh4 1-0

[Event "VIII CAMPEONATO CONTINENTAL DE LAS AMERI"]
[Site "Hotel Casa Campestre - Cochaba"]
[Date "2013.05.08"]
[Round "2"]
[White "Ortiz Suarez, Isan Reynaldo"]
[Black "Rojas Barrero, Andres Humberto"]
[Result "1-0"]
[WhiteElo "2598"]
[BlackElo "2227"]
[PlyCount "53"]
[EventDate "2013.05.07"]
[EventRounds "11"]
[EventCountry "BOL"]

1. d4 d5 2. c4 e6 3. Nc3 Nf6 4. Bg5 Be7 5. Nf3 O-O 6. e3 Nbd7 7. Qc2 b6 8. cxd5
exd5 9. Bd3 Bb7 10. h4 c5 11. O-O-O c4 12. Bf5 b5 13. Nxb5 g6 14. Bxd7 Nxd7 15.
Bxe7 Qxe7 16. Nc3 Rfb8 17. h5 Nf6 18. hxg6 fxg6 19. Ne5 a5 20. g4 Ra6 21. Rh6
Rb6 22. Nxg6 hxg6 23. Rxg6+ Kf7 24. g5 Nd7 25. Rxb6 Nxb6 26. Qh7+ Ke8 27. Qg6+
1-0

[Event "VIII CAMPEONATO CONTINENTAL DE LAS AMERI"]
[Site "Hotel Casa Campestre - Cochaba"]
[Date "2013.05.08"]
[Round "2"]
[White "Aguilar, Andres"]
[Black "Flores, Diego"]
[Result "0-1"]
[WhiteElo "2233"]
[BlackElo "2586"]
[PlyCount "74"]
[EventDate "2013.05.07"]
[EventRounds "11"]
[EventCountry "BOL"]

1. e4 c5 2. Nf3 e6 3. d4 cxd4 4. Nxd4 a6 5. Bd3 Bc5 6. Nb3 Be7 7. Qg4 Bf6 8.
Qg3 Nc6 9. Nc3 Nge7 10. Bf4 e5 11. Bd2 d6 12. O-O-O Be6 13. Kb1 O-O 14. h4 a5
15. Bg5 Ng6 16. Nd5 Bxd5 17. exd5 Nb4 18. Bf5 Nf4 19. Qf3 g6 20. g3 Bxg5 21.
hxg5 Qxg5 22. Bg4 Nfxd5 23. a3 e4 24. Qxe4 Nf6 25. Qf3 a4 26. Nd4 Nc6 27. Bh3
d5 28. Bg2 Ne4 29. Qe2 Rfe8 30. Bxe4 Rxe4 31. Nf3 Rxe2 32. Nxg5 d4 33. Rxh7 Ra5
34. Rxf7 Rxg5 35. Rxb7 Rxf2 36. Rc7 Rc5 37. Rxd4 Rf1+ 0-1

[Event "VIII CAMPEONATO CONTINENTAL DE LAS AMERI"]
[Site "Hotel Casa Campestre - Cochaba"]
[Date "2013.05.08"]
[Round "2"]
[White "Lenderman, Aleksandr"]
[Black "Cornejo P, Guillermo"]
[Result "1-0"]
[WhiteElo "2585"]
[BlackElo "2222"]
[PlyCount "57"]
[EventDate "2013.05.07"]
[EventRounds "11"]
[EventCountry "BOL"]

1. Nf3 Nf6 2. d4 g6 3. Bg5 Bg7 4. Nbd2 d5 5. e3 O-O 6. c3 Nbd7 7. Bd3 b6 8. Qe2
Bb7 9. e4 dxe4 10. Nxe4 Re8 11. O-O h6 12. Bh4 Nd5 13. Qc2 Qc8 14. Bb5 a6 15.
Ba4 b5 16. Bb3 c5 17. dxc5 Nxc5 18. Nxc5 Qxc5 19. Qe4 e6 20. Bg3 f5 21. Qe2 f4
22. Bh4 g5 23. Bxg5 hxg5 24. Nxg5 Qc6 25. Qg4 Nf6 26. Qh3 Qxg2+ 27. Qxg2 Bxg2
28. Kxg2 Kh8 29. Nxe6 1-0

[Event "VIII CAMPEONATO CONTINENTAL DE LAS AMERI"]
[Site "Hotel Casa Campestre - Cochaba"]
[Date "2013.05.08"]
[Round "2"]
[White "Kropff, Ricardo"]
[Black "Vasquez Schroeder, Rodrigo"]
[Result "0-1"]
[WhiteElo "2224"]
[BlackElo "2554"]
[PlyCount "66"]
[EventDate "2013.05.07"]
[EventRounds "11"]
[EventCountry "BOL"]

1. d4 Nf6 2. c4 e6 3. g3 c5 4. Nf3 cxd4 5. Nxd4 d5 6. Bg2 e5 7. Nf3 d4 8. O-O
Nc6 9. e3 Bc5 10. exd4 exd4 11. Re1+ Be6 12. Bg5 O-O 13. Nbd2 h6 14. Bxf6 Qxf6
15. Ne4 Qe7 16. Nxc5 Qxc5 17. Rc1 Rfd8 18. a3 a5 19. Nd2 a4 20. Ne4 Qb6 21. c5
Qxb2 22. Rb1 Qxa3 23. Rxb7 Rab8 24. Rc7 Ne5 25. Qh5 Qb4 26. Rd1 Rd5 27. Bh3
Bxh3 28. Qxh3 Qb3 29. Rf1 Qf3 30. Nd6 d3 31. Rc8+ Rxc8 32. Qxc8+ Kh7 33. Nf5
Qg4 0-1

[Event "VIII CAMPEONATO CONTINENTAL DE LAS AMERI"]
[Site "Hotel Casa Campestre - Cochaba"]
[Date "2013.05.08"]
[Round "2"]
[White "Martinez Alcantara, Jose Eduar"]
[Black "Cubas, Jose Fernando"]
[Result "1/2-1/2"]
[WhiteElo "2208"]
[BlackElo "2550"]
[PlyCount "105"]
[EventDate "2013.05.07"]
[EventRounds "11"]
[EventCountry "BOL"]

1. e4 c5 2. Nf3 Nc6 3. d4 cxd4 4. Nxd4 e5 5. Nb5 d6 6. N1c3 a6 7. Na3 Be7 8.
Nc4 b5 9. Ne3 Nf6 10. g3 h5 11. Bg2 h4 12. O-O Nd4 13. Ncd5 Nxd5 14. Nxd5 Be6
15. c3 Bxd5 16. cxd4 Bc4 17. Re1 hxg3 18. hxg3 Kf8 19. b3 Be6 20. Bb2 Bf6 21.
Rc1 Qb6 22. Qc2 Rb8 23. dxe5 Bxe5 24. Bxe5 dxe5 25. Red1 Ke7 26. Qc3 Kf6 27.
Qf3+ Kg6 28. Qc3 f6 29. Qc6 Rhc8 30. Qxb6 Rxb6 31. f4 Rxc1 32. Rxc1 Bg4 33. Kf2
Rd6 34. Ke3 Bd7 35. Rc7 Bg4 36. Rc1 Bd7 37. Rc5 Rd1 38. fxe5 fxe5 39. Rxe5 Rg1
40. Kf3 Ra1 41. Rd5 Be6 42. Rd6 Kf7 43. Rd2 a5 44. Kf2 Kf6 45. Bf1 b4 46. Rc2
Ke5 47. Bb5 g5 48. Kf3 g4+ 49. Ke3 Rg1 50. Rc5+ Kd6 51. Rc6+ Ke5 52. Rc5+ Kd6
53. Rc6+ 1/2-1/2

[Event "VIII CAMPEONATO CONTINENTAL DE LAS AMERI"]
[Site "Hotel Casa Campestre - Cochaba"]
[Date "2013.05.08"]
[Round "2"]
[White "Cori, Jorge"]
[Black "Martinez, Ariel A"]
[Result "1-0"]
[WhiteElo "2546"]
[BlackElo "2203"]
[PlyCount "71"]
[EventDate "2013.05.07"]
[EventRounds "11"]
[EventCountry "BOL"]

1. d4 f5 2. c4 Nf6 3. Nf3 g6 4. Nc3 Bg7 5. e3 d6 6. Be2 O-O 7. O-O c6 8. b4 Na6
9. Qb3 Nc7 10. a4 Qe8 11. Ba3 h6 12. b5 Ne6 13. d5 Nc5 14. Bxc5 dxc5 15. bxc6
bxc6 16. Rab1 e5 17. Qa3 e4 18. Nd2 Qe5 19. Rfc1 Bd7 20. Qxc5 Rfc8 21. Qa5 f4
22. exf4 Qxf4 23. Nf1 Qg5 24. Ne3 Bf8 25. g3 Kh8 26. Rd1 Qe5 27. Rbc1 Rab8 28.
c5 Rb2 29. Nc4 Qb8 30. Nxb2 Qxb2 31. Rb1 Qa3 32. d6 Be6 33. Qb4 Qxb4 34. Rxb4
Nd5 35. Nxd5 cxd5 36. Rb7 1-0

[Event "VIII CAMPEONATO CONTINENTAL DE LAS AMERI"]
[Site "Hotel Casa Campestre - Cochaba"]
[Date "2013.05.08"]
[Round "2"]
[White "Lopez, Mario Iver"]
[Black "Bachmann, Axel"]
[Result "0-1"]
[WhiteElo "2197"]
[BlackElo "2531"]
[PlyCount "44"]
[EventDate "2013.05.07"]
[EventRounds "11"]
[EventCountry "BOL"]

1. e4 c5 2. Nc3 e6 3. f4 a6 4. g3 d5 5. d3 Nc6 6. Bg2 d4 7. Nce2 e5 8. Nf3 Bd6
9. O-O Nge7 10. Kh1 f6 11. c3 Be6 12. cxd4 cxd4 13. fxe5 Bxe5 14. Nf4 Bf7 15.
Bh3 h5 16. Nh4 g5 17. Nf5 Nxf5 18. Bxf5 Ne7 19. Bh3 h4 20. Kg2 hxg3 21. hxg3
gxf4 22. gxf4 Be6 0-1

[Event "VIII CAMPEONATO CONTINENTAL DE LAS AMERI"]
[Site "Hotel Casa Campestre - Cochaba"]
[Date "2013.05.08"]
[Round "2"]
[White "Zambrana, Oswaldo"]
[Black "Aliaga Fernandez, Ingrid Y"]
[Result "1-0"]
[WhiteElo "2478"]
[BlackElo "2184"]
[PlyCount "87"]
[EventDate "2013.05.07"]
[EventRounds "11"]
[EventCountry "BOL"]

1. e4 c5 2. Nf3 e6 3. d4 cxd4 4. Nxd4 Nc6 5. Nc3 Qc7 6. Be3 Nf6 7. f4 d6 8. Qf3
Be7 9. O-O-O a6 10. Nxc6 Qxc6 11. e5 Qxf3 12. gxf3 dxe5 13. fxe5 Nd7 14. f4 Bc5
15. Bxc5 Nxc5 16. Bg2 Rb8 17. Rd4 b5 18. b4 Bb7 19. Rg1 Na4 20. Bxb7 Nxc3 21.
Bc6+ Kf8 22. Kd2 Na4 23. c4 g6 24. c5 Kg7 25. Bd7 Rb7 26. Kc2 Rd8 27. Rgd1 Rc7
28. Kb3 Kf8 29. Rd6 Ra8 30. Bc6 Raa7 31. Rd8+ Kg7 32. R1d6 Kh6 33. R8d7 Kg7 34.
Rxc7 Rxc7 35. Bg2 Ra7 36. Rd8 h6 37. c6 Nb6 38. Rb8 Nc4 39. Rb7 Ra8 40. c7 Rc8
41. Bc6 g5 42. Bd7 gxf4 43. Bxc8 f3 44. Bxe6 1-0

[Event "VIII CAMPEONATO CONTINENTAL DE LAS AMERI"]
[Site "Hotel Casa Campestre - Cochaba"]
[Date "2013.05.08"]
[Round "2"]
[White "Saavedra, Carlos"]
[Black "Hambleton, Aman"]
[Result "0-1"]
[WhiteElo "2179"]
[BlackElo "2468"]
[PlyCount "72"]
[EventDate "2013.05.07"]
[EventRounds "11"]
[EventCountry "BOL"]

1. d4 e6 2. Nf3 Nf6 3. Bf4 c5 4. e3 Qb6 5. Qc1 Nh5 6. Bg3 Nxg3 7. hxg3 Nc6 8.
c3 d5 9. Bd3 h6 10. a3 Bd7 11. b4 cxb4 12. cxb4 Rc8 13. Qd1 Bd6 14. Nbd2 e5 15.
b5 Nxd4 16. exd4 e4 17. Bxe4 dxe4 18. Nxe4 Bxb5 19. Rh5 Bb8 20. Rb1 a6 21. a4
Qg6 22. Rh4 Bc6 23. Nfd2 O-O 24. Kf1 Rcd8 25. Nc5 b6 26. Rg4 Qf5 27. Rxb6 h5
28. Rf4 Bxf4 29. gxf4 Ba8 30. Ndb3 h4 31. Qd3 Qg4 32. f3 Qxf4 33. Ne4 h3 34.
gxh3 Rfe8 35. Nf2 Bxf3 36. Qc3 Qg3 0-1

[Event "VIII CAMPEONATO CONTINENTAL DE LAS AMERI"]
[Site "Hotel Casa Campestre - Cochaba"]
[Date "2013.05.08"]
[Round "2"]
[White "Gonzalez, Bernal"]
[Black "Lopez, Diego"]
[Result "1-0"]
[WhiteElo "2461"]
[BlackElo "2171"]
[PlyCount "55"]
[EventDate "2013.05.07"]
[EventRounds "11"]
[EventCountry "BOL"]

1. d4 Nf6 2. Nf3 e6 3. c4 Bb4+ 4. Bd2 Qe7 5. g3 Nc6 6. Bg2 Bxd2+ 7. Nbxd2 d6 8.
O-O a5 9. e4 e5 10. d5 Nb8 11. Ne1 h5 12. h3 Nbd7 13. Nd3 Nc5 14. Nxc5 dxc5 15.
f4 h4 16. g4 exf4 17. e5 Nxg4 18. hxg4 h3 19. Bf3 Ra6 20. Kh1 Qh4 21. Ne4 Rg6
22. Qd2 Qh6 23. Qxa5 b6 24. Qa4+ Bd7 25. Qa8+ Ke7 26. Qb7 Rc8 27. d6+ Kd8 28.
Rad1 1-0

[Event "VIII CAMPEONATO CONTINENTAL DE LAS AMERI"]
[Site "Hotel Casa Campestre - Cochaba"]
[Date "2013.05.08"]
[Round "2"]
[White "Salazar, Carlos"]
[Black "Sarkar, Justin"]
[Result "0-1"]
[WhiteElo "2167"]
[BlackElo "2437"]
[PlyCount "64"]
[EventDate "2013.05.07"]
[EventRounds "11"]
[EventCountry "BOL"]

1. Nf3 Nf6 2. c4 g6 3. b3 Bg7 4. Bb2 O-O 5. e3 b6 6. Be2 Bb7 7. O-O c5 8. d4
Ne4 9. Qc1 d6 10. Nc3 Nxc3 11. Bxc3 Nd7 12. d5 Bxc3 13. Qxc3 e6 14. dxe6 fxe6
15. Rad1 Nf6 16. Nd2 e5 17. f4 exf4 18. Rxf4 Qe7 19. Rdf1 Nd7 20. Rxf8+ Rxf8
21. Rxf8+ Qxf8 22. Bf3 Bxf3 23. gxf3 Qf5 24. Ne4 Qxf3 25. Qd3 Ne5 26. Qd5+ Kg7
27. Nxd6 Qxe3+ 28. Kg2 Nd3 29. Qf7+ Kh6 30. Qf8+ Kg5 31. Qf1 Nf4+ 32. Kh1 Kh4
0-1

[Event "VIII CAMPEONATO CONTINENTAL DE LAS AMERI"]
[Site "Hotel Casa Campestre - Cochaba"]
[Date "2013.05.08"]
[Round "2"]
[White "Cori T., Deysi"]
[Black "Cortes Orihuela, Javier"]
[Result "1-0"]
[WhiteElo "2430"]
[BlackElo "2032"]
[PlyCount "121"]
[EventDate "2013.05.07"]
[EventRounds "11"]
[EventCountry "BOL"]

1. d4 Nf6 2. c4 g6 3. g3 c6 4. Bg2 d5 5. cxd5 cxd5 6. Nf3 Bg7 7. O-O O-O 8. Ne5
Ng4 9. Nxg4 Bxg4 10. Nc3 Nc6 11. h3 Bd7 12. Be3 Be6 13. Qd2 Qd7 14. Kh2 Rfd8
15. Rac1 Rac8 16. b3 b6 17. Rfd1 f6 18. Bh6 Bf7 19. Bxg7 Kxg7 20. e3 Nb8 21.
Qe2 Rc6 22. e4 Rdc8 23. Qe3 e6 24. h4 Qc7 25. Ne2 Rxc1 26. Rxc1 Qb7 27. exd5
exd5 28. Nf4 Rxc1 29. Qxc1 Qd7 30. Bf1 Qd6 31. Bb5 a6 32. Bf1 Nc6 33. Qc3 g5
34. Ng2 b5 35. Ne3 Be6 36. hxg5 fxg5 37. a4 b4 38. Qd3 Bc8 39. Bg2 Ne7 40. Qd2
h6 41. a5 Be6 42. Qe2 Kg8 43. Bf1 Bc8 44. Qc2 Bb7 45. Bg2 Kf8 46. Ng4 Bc8 47.
Ne5 Bf5 48. Qe2 Kg8 49. Bf1 Bc8 50. Kg1 Nc6 51. Qc2 Ne7 52. Bg2 Bf5 53. Qe2 Bc8
54. Qh5 Qf6 55. Qe8+ Qf8 56. Qa4 Nf5 57. Bxd5+ Kg7 58. Qc6 Ne7 59. Qc7 Bh3 60.
Nc6 Kf6 61. Qe5+ 1-0

[Event "VIII CAMPEONATO CONTINENTAL DE LAS AMERI"]
[Site "Hotel Casa Campestre - Cochaba"]
[Date "2013.05.08"]
[Round "2"]
[White "Borda, Carla"]
[Black "Prasca Sosa, Rafael"]
[Result "0-1"]
[WhiteElo "1950"]
[BlackElo "2426"]
[PlyCount "72"]
[EventDate "2013.05.07"]
[EventRounds "11"]
[EventCountry "BOL"]

1. e4 e6 2. d4 d5 3. e5 c5 4. c3 Nc6 5. Nf3 Nge7 6. Na3 Nf5 7. Nc2 Be7 8. Bd3
c4 9. Be2 Bd7 10. g4 Nh4 11. Nxh4 Bxh4 12. Rg1 h6 13. Bf4 Qb6 14. Qb1 Qa5 15.
Bd2 Qc7 16. b4 f6 17. exf6 Qxh2 18. f7+ Kxf7 19. Rf1 Rhf8 20. b5 Ne7 21. Qb4
Kg8 22. O-O-O Ng6 23. Rde1 Bxf2 24. Rd1 Bg3 25. Bf3 Bd6 26. Qb2 Qh3 27. Be2
Rxf1 28. Bxf1 Qxg4 29. Ne3 Qh5 30. Qc2 Nf4 31. a4 a6 32. b6 a5 33. Ng2 Nxg2 34.
Bxg2 Qe8 35. Rh1 Ba3+ 36. Kb1 Bxa4 0-1

[Event "VIII CAMPEONATO CONTINENTAL DE LAS AMERI"]
[Site "Hotel Casa Campestre - Cochaba"]
[Date "2013.05.08"]
[Round "2"]
[White "Coro, Renan"]
[Black "Leiva, Giuseppe"]
[Result "0-1"]
[WhiteElo "1922"]
[BlackElo "2388"]
[PlyCount "68"]
[EventDate "2013.05.07"]
[EventRounds "11"]
[EventCountry "BOL"]

1. d4 Nf6 2. Bg5 e6 3. e3 c5 4. c3 b6 5. Bxf6 Qxf6 6. Qf3 Qxf3 7. Nxf3 Bb7 8.
Nbd2 Be7 9. Bd3 O-O 10. O-O Nc6 11. Rac1 Rfd8 12. a3 Rac8 13. Rfd1 d5 14. Bb5
a6 15. Bxc6 Bxc6 16. Ne5 Be8 17. f4 Rc7 18. g4 Rdc8 19. Nd3 Bd6 20. Kf2 Ba4 21.
Rg1 cxd4 22. exd4 Bb5 23. Ne5 f6 24. Nef3 Bxf4 25. Rce1 e5 26. Nf1 Bxf1 27.
Kxf1 e4 28. Nh4 Bxh2 29. Rg2 Bf4 30. Nf5 g6 31. Nh4 b5 32. Ke2 a5 33. Rf1 Bg5
34. Rh2 b4 0-1

[Event "VIII CAMPEONATO CONTINENTAL DE LAS AMERI"]
[Site "Hotel Casa Campestre - Cochaba"]
[Date "2013.05.08"]
[Round "2"]
[White "Pacheco, Marco"]
[Black "Tapia, Mauricio"]
[Result "1-0"]
[WhiteElo "2384"]
[BlackElo "1907"]
[PlyCount "61"]
[EventDate "2013.05.07"]
[EventRounds "11"]
[EventCountry "BOL"]

1. d4 Nf6 2. Nf3 g6 3. Bg5 Bg7 4. Nbd2 d6 5. e4 O-O 6. c3 Bg4 7. Bd3 Nbd7 8. h3
Bxf3 9. Nxf3 e5 10. O-O c6 11. Re1 h6 12. Be3 Re8 13. dxe5 dxe5 14. Qd2 Kh7 15.
b4 Qe7 16. Qc2 c5 17. b5 b6 18. Nd2 Nh5 19. Nc4 Nf8 20. a4 Nf4 21. Bf1 Qc7 22.
a5 N4e6 23. Red1 Kg8 24. Rd6 Rab8 25. Rc6 Qe7 26. axb6 axb6 27. Nxb6 Nd8 28.
Nd5 Qh4 29. Rxc5 Nfe6 30. Rc4 Rxb5 31. Qa4 1-0